00823nam a2200181Ia 4500001000900000003000500009005001700014008004100031010001100072040000900083082001500092100003000107245013000137260008900267300000800356505009300364600018400457dia_1636CHAP20251021153935.0220117s1976 xx 000 0 und d a172179 cCHAP a630.72 G65 aGonzalez Romero, Vicente. aInventario Nacional de los Recursos Dedicados a la Investigación Científica Agropecuaria en México, por V.G.R. y otros. aChapingo, Mex., Colegio de Postgraduados. Centro de Estadística y Cálculo.c1976 a2V. aV. Instituciones y Unidades de Investigación. V. 2. Proyectos y Personal Científico. aAgricultura- Investigación- México. 2. Ganadería-investigación-México. 3. Recursos Humanos. I. E.N.A. Colegio de Postgraduados Centro de Estadística y Cálculo. II.t.